[Event "Fast Game"]
[Site "www.echecsemail.com"]
[Date "2015.09.08"]
[Round "1"]
[White "Mitja"]
[Black "Fkarpov"]
[WhiteElo "1730"]
[BlackElo "1800"]
[Result "0-1"]
[Round "1"]
1.d4 Ng8f6
2.e3 e6
3.Ng1f3 d5
4.Bf1e2 Bf8b4
5.c3 Bb4e7
6.Nb1d2 O-O
7.Be2d3 Nb8c6
8.Nd2b3 Qd8d6
9.h3 e5
10.dxe5 Nc6xe5
11.Nf3xe5 Qd6xe5
12.Nb3d4 Nf6e4
13.Bd3xe4 dxe4
14.b3 Rf8d8
15.Qd1c2 Rd8d6
16.Bc1b2 Rd6g6
17.g4 c5
18.Nd4e2 c4
19.Ne2d4 b5
20.b4 a5
21.a3 axb4
22.axb4 Ra8xa1
23.Bb2xa1 Rg6h6
24.Qc2e2 Qe5g5
25.f4 Qg5h4
26.Kd2 Bc8xg4
27.Qe2g2 Bg4xh3
28.Qg2xe4 Qh4f2
29.Nd4e2 Rh6e6
30.Qe4a8 Be7f8
31.Rh1xh3 Re6d6
32.Kc1 Qf2f1
{ resign }
0-1

[Event "Tourn. n8315"]
[Site "www.chess-mail.com"]
[Date "2015.09.09"]
[Round "1"]
[White "Orae"]
[Black "Groz"]
[WhiteElo "1969"]
[BlackElo "1990"]
[Result "1-0"]
[Round "1"]
1.e4 c5
2.Ng1f3 d6
3.Bf1c4 e6
4.O-O Ng8f6
5.Rf1e1 Bf8e7
6.e5 dxe5
7.Re1xe5 Nb8c6
8.Re5g5 O-O
9.Nf3e5 Nc6xe5
10.Rg5xe5 b6
11.Qd1f3 Ra8b8
12.Re5g5 Bc8b7
13.Qf3g3 g6
14.Bc4e2 Nf6e4
15.Qg3e5 Ne4xg5
16.b4 Be7f6
17.Qe5f4 Bf6xa1
18.c3 Qd8d5
19.f3 Qd5f5
20.d3 f6
21.Qf4d2 Ng5f7
22.a4 cxb4
23.Qd2a2 Ba1xc3
24.Kf2 Bc3d4
25.Kf1 Bb7d5
26.Qa2c2 Rf8c8
27.Qc2d2  { time }
1-0

[Event "Tourn. n8388"]
[Site "www.chess-mail.com"]
[Date "2015.09.09"]
[Round "1"]
[White "Xkafi"]
[Black "Heiserman"]
[WhiteElo "2010"]
[BlackElo "2100"]
[Result "1-0"]
[Round "1"]
1.e4 d6
2.d4 Ng8f6
3.Nb1c3 g6
4.Bf1c4 Bf8g7
5.Ng1f3 O-O
6.Nf3h4 e5
7.Bc1g5 h6
8.Bg5e3 Nf6xe4
9.Nh4xg6 Ne4xc3
10.bxc3 d5
11.Bc4xd5 Qd8xd5
12.Ng6e7 { resign }
1-0

[Event "Tourn. n8386"]
[Site "www.chess-mail.com"]
[Date "2015.09.09"]
[Round "1"]
[White "Heiserman"]
[Black "Bojan"]
[WhiteElo "2130"]
[BlackElo "1910"]
[Result "0-1"]
[Round "1"]
1.d4 g6
2.c4 d5
3.cxd5 Qd8xd5
4.Nb1c3 Qd5f5
5.e4 Qf5a5
6.Ng1f3 c6
7.Bf1e2 Bf8g7
8.O-O e6
9.Bc1g5 Nb8d7
10.e5 Nd7b6
11.Qd1d2 Nb6d5
12.Nc3xd5 Qa5xd5
13.Bg5h6 Bg7xh6
14.Qd2xh6 Ng8xh6
{ resign }
0-1

[Event "Tourn. n8351"]
[Site "www.chess-mail.com"]
[Date "2015.09.09"]
[Round "1"]
[White "Vogue"]
[Black "Panamski"]
[WhiteElo "2010"]
[BlackElo "2080"]
[Result "1-0"]
[Round "1"]
1.c4 c5
2.g3 Nb8c6
3.Nb1c3 d6
4.Bf1g2 Bc8d7
5.Ng1f3 Ng8f6
6.d4 e6
7.dxc5 dxc5
8.Bc1f4 Bf8e7
9.O-O O-O
10.e4 Nf6h5
11.Bf4d6 Nh5f6
12.Rf1e1 Nf6e8
13.Bd6f4 a6
14.Re1e3 e5
15.Nf3xe5 Nc6xe5
16.Bf4xe5 f6
17.Re3d3 fxe5
18.Rd3xd7 Qd8b6
19.Qd1d5 Kh8
20.Rd7xb7 Qb6f6
21.Rb7xe7 Qf6xf2
22.Kh1 Qf2xb2
23.Ra1b1 Qb2xc3
24.Qd5xa8 Qc3d3
25.Rb1c1 Qd3e3
26.Rc1f1 Rf8xf1
27.Bg2xf1 Qe3f3
28.Kg1 Qf3e3
29.Kg2 Qe3d2
30.Kh1 { resign }
1-0

[Event "Tourn. n8350"]
[Site "www.chess-mail.com"]
[Date "2015.09.09"]
[Round "1"]
[White "Culiflori"]
[Black "Hundegana"]
[WhiteElo "1900"]
[BlackElo "1940"]
[Result "1-0"]
[Round "1"]
1.e4 c5
2.Ng1f3 d6
3.d4 Qd8a5
4.Nb1c3 cxd4
5.Nf3xd4 a6
6.Bc1d2 e5
7.Nd4b3 Qa5d8
8.Bf1e2 Ng8f6
9.Bd2g5 Nb8d7
10.O-O h6
11.Bg5h4 g5
12.Bh4g3 Bf8e7
13.Rf1e1 h5
14.h4 g4
15.Qd1d2 b6
16.Ra1d1 Nd7c5
17.Nb3xc5 bxc5
18.Be2c4 Ra8b8
19.b3 Be7f8
20.Bg3xe5 Bf8h6
21.Qd2d3 Rb8b6
22.Be5xf6 Qd8xf6
23.Nc3d5 Qf6d8
24.Nd5xb6 Qd8xb6
25.Qd3xd6 Qb6xd6
26.Rd1xd6 Bh6g7
27.Bc4xa6 Bc8xa6
28.Rd6xa6 O-O
29.e5 Rf8e8
30.e6 f5
31.Ra6c6 Bg7d4
32.Rc6c7 f4
33.Kf1 f3
34.gxf3 gxf3
35.e7 Kf7
36.Rc7d7 Kf6
37.a4 Bd4c3
38.Re1e3 Bc3e5
39.Re3xf3 Ke6
40.Rd7b7 Re8xe7
41.Rb7xe7 Kxe7
42.Rf3f5 Kd6
43.Rf5xh5 Be5c3
44.Rh5f5 Kc6
45.h5 Kb6
46.h6 Kc6
47.h7 Bc3g7
48.Rf5g5 Bg7b2
49.Rg5g8 { resign }
1-0

[Event "Tourn. n8342"]
[Site "www.chess-mail.com"]
[Date "2015.09.09"]
[Round "1"]
[White "Cobramanca"]
[Black "Heiserman"]
[WhiteElo "2270"]
[BlackElo "2250"]
[Result "1-0"]
[Round "1"]
1.e4 c6
2.d4 d5
3.exd5 cxd5
4.c4 Ng8f6
5.Nb1c3 g6
6.Ng1f3 Bf8g7
7.Bc1g5 Bc8e6
8.cxd5 Nf6xd5
9.Bf1b5 Nb8d7
10.O-O O-O
11.Rf1e1 h6
12.Bg5h4 g5
13.Bh4g3 a6
14.Bb5d3 Nd5b4
15.Bd3b1 Nd7b6
16.a3 Nb4c6
17.Qd1d3 f5
18.Re1xe6 Nc6xd4
19.Nf3xd4 Bg7xd4
20.Bg3e5 { resign }
1-0

[Event "Tourn. n8378"]
[Site "www.chess-mail.com"]
[Date "2015.09.09"]
[Round "1"]
[White "Louis"]
[Black "Caspito"]
[WhiteElo "1870"]
[BlackElo "1750"]
[Result "1-0"]
[Round "1"]
1.e4 e5
2.d4 Qd8h4
3.Ng1f3 Qh4xe4
4.Bf1e2 d6
5.Nb1c3 Qe4g6
6.Nc3d5 Qg6xg2
7.Rh1g1 Qg2h3
8.Nd5xc7 Ke7
9.Nc7xa8 e4
10.Rg1g3 Qh3d7
11.Nf3h4 g6
12.Bc1g5 f6
13.Bg5f4 g5
14.Be2g4 Qd7c6
15.Rg3c3 Qc6b5
16.Rc3xc8 Nb8c6
17.Nh4f5 Kd7
18.Nf5g7 Ke7
19.Rc8c7 { resign }
1-0

[Event "Match"]
[Site "www.echecsemail.com"]
[Date "2015.09.09"]
[Round "1"]
[White "Coraza8091"]
[Black "Darknight"]
[WhiteElo "1659"]
[BlackElo "1590"]
[Result "1-0"]
[Round "1"]
1.e4 e5
2.Bf1c4 Ng8f6
3.Nb1c3 c6
4.Ng1f3 d6
5.Nf3g5 Bc8e6
6.Qd1e2 Nb8d7
7.b3 b5
8.Bc4xe6 fxe6
9.Ng5xe6 Qd8b8
10.Bc1b2 h6
11.Qe2f3 Rh8g8
12.d4 Bf8e7
13.O-O-O Kf7
14.Qf3h3 h5
15.Ne6g5 Ke8
16.dxe5 Nd7xe5
17.Nc3e2 g6
18.Bb2xe5 dxe5
19.Qh3e6 Qb8b7
20.Qe6f7 
1-0

[Event "Match"]
[Site "www.echecsemail.com"]
[Date "2015.09.09"]
[Round "1"]
[White "Cristiano"]
[Black "Darknight"]
[WhiteElo "1990"]
[BlackElo "1590"]
[Result "0-1"]
[Round "1"]
1.e4 e5
2.f4 exf4
3.Ng1f3 Qd8e7
4.Nb1c3 c6
5.d4 g5
6.h4 g4
7.Nf3g1 d5
8.e5 Bf8h6
9.Bf1d3 Ng8f6
10.Bc1d2 a6
11.Qd1e2 Nf6h5
12.Qe2f2 f5
13.O-O-O Qe7g7
14.Nc3a4 Bc8e6
15.Na4c5 Qg7f7
16.Nc5xe6 Qf7xe6
17.Ng1e2 f3
18.gxf3 b5
19.f4 Rh8g8
20.Ne2g3 Nh5xg3
21.Qf2xg3 a5
22.Kb1 a4
23.Bd2b4 Nb8a6
24.Bb4d2 Na6c7
25.Bd2b4 Bh6f8
26.Bb4xf8 Rg8xf8
27.h5 h6
28.Rd1g1 Qe6e7
29.c3 a3
30.b3 b4
31.Bd3e2 Rf8g8
32.c4 dxc4
33.Be2xc4 Rg8g7
34.Qg3g2 Qe7d7
35.Rg1d1 Nc7d5
36.Bc4xd5 cxd5
37.Rd1c1 Ra8c8
38.Rc1xc8 Qd7xc8
39.Qg2xd5 Qc8c3
40.Qd5b5 Rg7d7
41.Rh1h2 g3
42.Rh2e2 Qc3xd4
43.Qb5b8 Ke7
{ resign }
0-1

[Event "Match"]
[Site "www.echecsemail.com"]
[Date "2015.09.09"]
[Round "1"]
[White "Menace"]
[Black "Jpjohnston"]
[WhiteElo "2240"]
[BlackElo "1970"]
[Result "0-1"]
[Round "1"]
1.e4 e5
2.f4 Ng8f6
3.fxe5 Nf6xe4
4.Ng1f3 d6
5.Bf1c4 dxe5
6.O-O Bf8c5
7.d4 Bc5xd4
8.Nf3xd4 Qd8xd4
9.Qd1xd4 exd4
10.Bc4xf7 Ke7
11.Bf7d5 Ne4f6
12.Bd5f3 Nb8d7
13.Bc1g5 h6
14.Bg5h4 Rh8f8
15.Nb1d2 Kf7
16.Ra1e1 Kg8
17.a4 a5
18.Re1e7 Ra8a6
19.Nd2b3 Ra6b6
20.Bh4xf6 Nd7xf6
21.Bf3e2 Bc8e6
22.Nb3xa5 Nf6d5
23.Re7xe6 Rf8xf1
24.Be2xf1 Rb6xe6
25.Bf1c4 Kf8
26.Na5xb7 Re6e5
27.a5 Nd5b4
28.a6 Re5e1
29.Kf2 Re1a1
30.Nb7c5 Nb4xc2
31.Nc5e6 Ke7
32.Ne6xc7 Nc2b4
33.Nc7d5 Nb4xd5
34.Bc4xd5 Ra1xa6
35.b4 Ra6b6
36.Ke2 Rb6xb4
37.Kd3 Kd6
38.Bd5f3 Ke5
39.h3 Kf4
40.h4 g5
41.hxg5 hxg5
42.Bf3d5 Kg3
{ resign }
0-1

[Event "Match"]
[Site "www.echecsemail.com"]
[Date "2015.09.09"]
[Round "1"]
[White "Paco"]
[Black "Ruko"]
[WhiteElo "1840"]
[BlackElo "1910"]
[Result "1-0"]
[Round "1"]
1.e4 e5
2.d4 exd4
3.Qd1xd4 Nb8c6
4.Qd4a4 d6
5.Nb1c3 Ng8f6
6.Ng1f3 Bf8e7
7.Bf1c4 a6
8.Nf3g5 O-O
9.Bc4d5 Bc8d7
10.Qa4b3 Nf6xd5
11.exd5 Be7xg5
12.dxc6 Rf8e8
13.Bc1e3 Bd7xc6
14.O-O Bg5xe3
15.fxe3 Re8xe3
16.Qb3xf7 Kh8
17.Rf1f2 Qd8e8
18.Ra1f1 Qe8xf7
19.Rf2xf7 h6
20.Rf7xc7 d5
21.Rf1f7 Ra8g8
22.h3 d4
23.Kf2 Re3e8
24.Nc3e2 Re8d8
25.Ne2f4 Rd8f8
26.Nf4g6 Kh7
27.Ng6xf8 { resign }
1-0

[Event "Tourn. n8382"]
[Site "www.chess-mail.com"]
[Date "2015.09.10"]
[Round "1"]
[White "Xkafi"]
[Black "Scasan55"]
[WhiteElo "2070"]
[BlackElo "2040"]
[Result "0-1"]
[Round "1"]
1.e4 c5
2.Bf1c4 e6
3.d4 cxd4
4.Qd1xd4 Nb8c6
5.Qd4c3 Bf8b4
6.Bc1d2 Bb4xc3
7.Bd2xc3 e5
8.Ng1f3 d6
9.Nb1d2 Ng8f6
10.h3 O-O
11.g4 a6
12.g5 Nf6e8
13.h4 b5
14.Bc4d5 Bc8d7
15.h5 Ra8c8
16.g6 Bd7e6
17.gxh7 Kh8
18.Bd5b3 b4
{ resign }
0-1

[Event "Tourn. n8391"]
[Site "www.chess-mail.com"]
[Date "2015.09.10"]
[Round "1"]
[White "Bojan"]
[Black "Fred"]
[WhiteElo "1910"]
[BlackElo "1950"]
[Result "1/2-1/2"]
[Round "1"]
1.e4 e5
2.Bf1c4 Bf8c5
3.Ng1f3 d6
4.d3 Bc8g4
5.Nb1c3 h6
6.Nc3a4 Nb8d7
7.h3 Bg4e6
8.Bc4xe6 fxe6
9.Na4xc5 Nd7xc5
10.Bc1e3 b6
11.a3 Ng8f6
12.Qd1d2 O-O
13.Nf3h2 a5
14.Qd2e2 Nc5d7
15.c3 d5
16.Nh2g4 dxe4
17.Ra1d1 Qd8e7
18.dxe4 Kh7
19.f3 Nf6h5
20.Be3f2 Nh5f4
21.Qe2f1 Ra8d8
22.g3 Nf4h5
23.Qf1e2 Nh5f6
24.Ng4e3 Nd7c5
25.Qe2c2 Rd8xd1
26.Kxd1 Rf8d8
27.Ke2 Nc5d3
28.Rh1d1 Nd3xf2
29.Kxf2 Nf6h5
30.b4 Rd8xd1
31.Qc2xd1 Qe7g5
32.Ne3f1 Qg5e7
33.Kg2 Nh5f6
34.Nf1e3 axb4
35.axb4 Qe7e8
36.Qd1b3 Qe8d7
37.Qb3c2 c5
38.bxc5 bxc5
39.Ne3c4 Qd7c7
40.Qc2d2 Nf6e8
41.g4 { draw }
1/2-1/2

[Event "Tourn. n8320"]
[Site "www.chess-mail.com"]
[Date "2015.09.10"]
[Round "1"]
[White "Jose"]
[Black "Squimichele"]
[WhiteElo "2670"]
[BlackElo "2500"]
[Result "1-0"]
[Round "1"]
1.d4 Ng8f6
2.c4 g6
3.f3 d5
4.cxd5 Nf6xd5
5.e4 Nd5b6
6.Nb1c3 Bf8g7
7.Bc1e3 O-O
8.Qd1d2 Nb8c6
9.O-O-O Qd8d6
10.Nc3b5 Qd6d7
11.Kb1 Rf8d8
12.d5 a6
13.Nb5c3 Nc6a5
14.Qd2c1 Qd7d6
15.h4 Qd6b4
16.h5 Bc8d7
17.hxg6 fxg6
18.Ng1e2 Nb6c4
19.Be3d4 e5
20.Bd4f2 Ra8c8
21.Ka1 c6
22.b3 Nc4d6
23.Bf2e1 c5
24.Nc3b1 Na5xb3
25.axb3 Qb4xb3
26.Rd1d2 Nd6c4
27.Rd2a2 Bd7b5
28.Ne2c3 Bb5d7
29.Be1h4 Rd8e8
30.Bf1xc4 Qb3xc4
31.Ra2b2 { resign }
1-0

[Event "Tourn. n8327"]
[Site "www.chess-mail.com"]
[Date "2015.09.10"]
[Round "1"]
[White "Orae"]
[Black "Attatroll"]
[WhiteElo "1940"]
[BlackElo "1900"]
[Result "0-1"]
[Round "1"]
1.e4 e5
2.Bf1c4 Ng8f6
3.d4 Bf8d6
4.Ng1f3 O-O
5.Bc1g5 Nb8c6
6.O-O h6
7.Bg5h4 g5
8.Bh4g3 Nf6xe4
9.Nb1d2 Ne4xd2
10.Qd1xd2 Qd8f6
11.Ra1e1 exd4
12.Bg3xd6 Qf6xd6
13.b4 Qd6xb4
14.Qd2e2 d6
15.Re1b1 { time. }
0-1

[Event "Tourn. n8332"]
[Site "www.chess-mail.com"]
[Date "2015.09.10"]
[Round "1"]
[White "Orae"]
[Black "Azorau"]
[WhiteElo "1940"]
[BlackElo "1910"]
[Result "0-1"]
[Round "1"]
1.e4 e5
2.Bf1c4 Ng8f6
3.c3 Bf8c5
4.Qd1f3 O-O
5.Ng1e2 d6
6.b4 Bc8g4
7.Qf3d3 Bg4xe2
8.Qd3xe2 Bc5b6
9.a4 c5
10.b5 Nb8d7
11.a5 Bb6xa5
12.O-O Ba5b6
13.d3 Bb6a5
14.Bc1g5 h6
15.Bg5h4 Ba5b6
16.Nb1d2 Bb6a5
17.Nd2b3 { time. }
0-1

[Event "Tourn. n8386"]
[Site "www.chess-mail.com"]
[Date "2015.09.10"]
[Round "1"]
[White "Bojan"]
[Black "Culiflori"]
[WhiteElo "1910"]
[BlackElo "2010"]
[Result "0-1"]
[Round "1"]
1.e4 e5
2.Bf1c4 Ng8f6
3.Qd1f3 Nb8c6
4.c3 Bf8e7
5.Ng1e2 d6
6.d4 exd4
7.cxd4 O-O
8.Nb1c3 Rf8e8
9.Bc1f4 Bc8g4
10.Qf3e3 Be7f8
11.f3 Bg4d7
12.a3 a6
13.Qe3d3 b5
14.Bc4b3 Nc6a5
15.Bb3c2 g6
16.Bf4g5 Bf8g7
17.h4 h6
18.Bg5d2 Na5c4
19.Bd2c1 c5
20.b3 Nc4b6
21.dxc5 dxc5
22.Bc1e3 Qd8c7
23.Ne2f4 Ra8d8
24.Ra1d1 c4
25.Qd3e2 cxb3
26.Bc2xb3 Qc7xc3
27.Kf2 Qc3xb3
28.Be3xb6 Rd8c8
29.Kg3 Qb3xa3
30.Rd1xd7 Nf6xd7
31.Bb6e3 Rc8c3
32.Nf4d5 Rc3b3
33.Be3c1 Bg7b2
34.Bc1xh6 Nd7f6
35.Nd5xf6 Bb2xf6
36.Kg4 Rb3b2
37.Qe2f1 Qa3a2
38.g3 Qa2e6
39.Kf4 Bf6c3
40.Qf1d3 Bc3d2
{ resign }
0-1

[Event "Tourn. n8330"]
[Site "www.chess-mail.com"]
[Date "2015.09.10"]
[Round "1"]
[White "Ulysse21"]
[Black "Hundegana"]
[WhiteElo "2260"]
[BlackElo "2000"]
[Result "1-0"]
[Round "1"]
1.d4 c5
2.c3 g6
3.e4 Bf8g7
4.Bc1e3 d6
5.Bf1c4 e6
6.Qd1e2 a6
7.a4 Nb8d7
8.f4 Ng8f6
9.Nb1d2 b6
10.Ng1f3 O-O
11.f5 exf5
12.e5 dxe5
13.dxe5 Nf6e8
14.e6 fxe6
15.Bc4xe6 Kh8
16.O-O Ra8a7
17.Be3g5 Bg7f6
18.Qe2e3 Bf6xg5
19.Nf3xg5 Kg7
20.Be6xf5 Nd7f6
21.Bf5xc8 Qd8xc8
22.Ng5e6 Kf7
23.Ne6xf8 Kxf8
24.Nd2c4 Qc8b8
25.Qe3e6 Ra7f7
26.Nc4e5 Rf7e7
27.Rf1xf6 Ne8xf6
28.Qe6xf6 Kg8
29.Qf6xe7 a5
30.Ne5g4 Qb8f4
31.Ng4f6 Qf4xf6
32.Qe7xf6 b5
33.Ra1d1 bxa4
34.Rd1d8 
1-0

[Event "Tourn. n8391"]
[Site "www.chess-mail.com"]
[Date "2015.09.10"]
[Round "1"]
[White "Bojan"]
[Black "Mitja"]
[WhiteElo "1910"]
[BlackElo "1890"]
[Result "1-0"]
[Round "1"]
1.c4 c6
2.d4 d5
3.c5 h6
4.b4 Ng8f6
5.Nb1c3 e6
6.h3 Bc8d7
7.Bc1f4 Nf6h7
8.e4 dxe4
9.Nc3xe4 Bf8e7
10.Bf1d3 O-O
11.Qd1c2 Nh7f6
12.Ne4d6 Be7xd6
13.Bf4xd6 Rf8e8
14.Ng1f3 Nf6d5
15.a3 Nd5e7
16.Nf3e5 Re8f8
17.Qc2e2 f6
18.Ne5g6 Ne7xg6
19.Bd3xg6 Nb8a6
20.O-O Na6c7
21.Qe2h5 Bd7e8
22.Bd6xf8 Kxf8
23.Ra1d1 Be8xg6
24.Qh5xg6 Nc7d5
25.Rf1e1 Qd8d7
26.Rd1d3 Nd5f4
27.Qg6e4 Nf4xd3
28.Qe4xd3 Ra8e8
29.Re1e3 a6
30.f3 Qd7d5
31.Kf2 Kf7
32.g4 Re8d8
33.Re3e4 e5
34.Qd3e3 exd4
35.Qe3d3 Qd5a2
36.Kg3 Qa2d5
37.h4 Rd8d7
38.f4 g6
39.f5 gxf5
40.gxf5 Qd5xf5
41.Re4e7 Rd7xe7
42.Qd3xf5 Re7e3
43.Kf2 Re3xa3
44.Qf5h7 Ke6
45.Qh7xh6 d3
46.Qh6d2 { resign }
1-0

[Event "Match"]
[Site "www.echecsemail.com"]
[Date "2015.09.10"]
[Round "1"]
[White "Mitja"]
[Black "Bojan"]
[WhiteElo "1890"]
[BlackElo "1910"]
[Result "1-0"]
[Round "1"]
1.d4 d5
2.e3 a6
3.h3 Nb8c6
4.c3 e5
5.dxe5 Nc6xe5
6.Ng1f3 Qd8d6
7.Nf3xe5 Qd6xe5
8.Nb1d2 b5
9.Nd2f3 Qe5e6
10.Bf1d3 h6
11.Nf3d4 g6
12.Nd4xe6 Bc8xe6
13.b4 c5
14.bxc5 Bf8xc5
15.Qd1f3 f5
16.Bc1b2 Rh8h7
17.a3 Ra8b8
18.Qf3f4 Rb8c8
19.Ra1c1 Ke7
20.g4 Bc5d6
21.Qf4f3 fxg4
22.hxg4 Rh7f7
23.Qf3e2 g5
24.e4 Kd7
25.f3 Rc8e8
26.O-O Bd6e5
27.a4 dxe4
28.Qe2xe4 Be6b3
29.Qe4b7 Kd8
30.Qb7xa6 bxa4
31.Bd3g6 Re8e6
32.Qa6a8 Ke7
33.Bg6xf7 Kxf7
34.Rc1e1 Ng8e7
35.Kg2 Kf6
36.Qa8f8 Kg6
37.c4 Re6f6
38.Qf8xe7 Be5xb2
39.Qe7e4 Kg7
40.Qe4b7 Kg6
41.Re1e7 Rf6d6
42.Qb7e4 Kf6
43.Rf1e1 { resign }
1-0

[Event "Match"]
[Site "www.echecsemail.com"]
[Date "2015.09.10"]
[Round "1"]
[White "Giupiter"]
[Black "Mrmoto"]
[WhiteElo "1509"]
[BlackElo "1570"]
[Result "1-0"]
[Round "1"]
1.d4 d5
2.c4 dxc4
3.Nb1c3 a6
4.Bc1f4 Bc8f5
5.e4 Bf5g6
6.Bf1xc4 e6
7.Ng1e2 Nb8c6
8.O-O h6
9.a3 Ng8f6
10.f3 Bf8e7
11.d5 exd5
12.exd5 Nc6b8
13.Rf1e1 O-O
14.Ra1c1 Qd8d7
15.Qd1d2 c6
16.d6 Be7d8
17.Rc1d1 Bd8b6
18.Kh1 c5
19.Ne2g3 Nb8c6
20.Ng3e4 Nf6h5
21.Nc3d5 Bb6a5
22.Qd2e3 Ba5xe1
23.Bf4xh6 f5
24.Nd5f6 { resign }
1-0

[Event "Match"]
[Site "www.echecsemail.com"]
[Date "2015.09.10"]
[Round "1"]
[White "Ranjachess"]
[Black "Rindrandria"]
[WhiteElo "1710"]
[BlackElo "1610"]
[Result "1-0"]
[Round "1"]
1.d4 c6
2.e4 Nb8a6
3.Bc1d2 Qd8b6
4.Bd2c3 d6
5.Bf1e2 Ng8f6
6.Nb1d2 g6
7.Nd2c4 Qb6c7
8.Qd1d3 d5
9.Be2f3 dxc4
10.Qd3xc4 Bf8h6
11.e5 Bc8e6
12.d5 Be6xd5
13.Qc4h4 Nf6g8
14.Bf3xd5 cxd5
15.f4 Qc7c4
16.Ng1e2 Qc4e4
17.Ra1d1 Bh6xf4
18.Qh4xf4 e6
19.Qf4xe4 dxe4
20.O-O Ng8e7
21.Rf1f4 e3
22.Rf4c4 O-O
23.Bc3b4 Rf8e8
24.Rd1d7 b5
25.Rc4e4 f5
26.Bb4xe7 fxe4
27.c3 Kf7
28.Be7g5 Kf8
29.Rd7xh7 Na6c5
30.Bg5xe3 Nc5d3
31.Ne2d4 a6
32.Rh7h4 Nd3xb2
33.Rh4xe4 Nb2c4
34.Kf2 a5
35.Nd4xb5 Ra8c8
36.a4 Kg8
37.Ke2 Rc8d8
38.Re4xc4 Rd8d5
39.Nb5c7 Kf7
40.Nc7xe8 Kxe8
41.Be3d4 { resign }
1-0

[Event "Match"]
[Site "www.echecsemail.com"]
[Date "2015.09.10"]
[Round "1"]
[White "Calponas"]
[Black "Ericleo1980"]
[WhiteElo "2040"]
[BlackElo "1809"]
[Result "0-1"]
[Round "1"]
1.e4 c5
2.g3 d6
3.Bf1g2 e5
4.Ng1e2 Bc8g4
5.h3 Bg4e6
6.d3 g6
7.Nb1c3 Bf8g7
8.O-O Ng8e7
9.Nc3d5 Nb8c6
10.Ne2c3 O-O
11.Bc1e3 f5
12.Qd1d2 Rf8f7
13.f4 a6
14.a4 Qd8a5
15.Rf1f2 Ra8f8
16.Ra1f1 Be6xd5
17.Nc3xd5 Ne7xd5
18.exd5 Qa5xd2
19.Be3xd2 Nc6d4
20.c3 Nd4b3
21.Bd2e3 b5
22.axb5 axb5
23.fxe5 Bg7xe5
24.Be3f4 Be5xf4
25.gxf4 Rf7e7
26.Rf1d1 Rf8e8
27.Kf1 Re7e3
28.Rf2f3 Re3e2
29.Rf3f2 Nb3d2
30.Kg1 Re2e1
31.Rd1xe1 Re8xe1
32.Kh2 Nd2b3
33.Bg2f1 Kf7
34.Kg2 Kf6
35.Rf2e2 Re1xe2
36.Bf1xe2 Nb3c1
37.Be2f3 Nc1xd3
38.Bf3e2 Nd3xf4
39.Kf3 Nf4xe2
40.Kxe2 Ke5
{ resign }
0-1

[Event "Match"]
[Site "www.echecsemail.com"]
[Date "2015.09.10"]
[Round "1"]
[White "Olddog55"]
[Black "Daquata"]
[WhiteElo "1680"]
[BlackElo "1660"]
[Result "0-1"]
[Round "1"]
1.d4 Ng8f6
2.Ng1f3 d5
3.e3 Bc8g4
4.Bf1d3 e6
5.O-O c5
6.b3 Nb8c6
7.h3 Bg4h5
8.g4 Bh5g6
9.Nf3e5 cxd4
10.exd4 Bg6xd3
11.Qd1xd3 Bf8d6
12.f4 Qd8c7
13.Bc1b2 O-O
14.g5 Nf6e4
15.Nb1d2 Ne4xd2
16.Qd3xd2 Ra8c8
17.c4 dxc4
18.bxc4 Rf8d8
19.Ra1e1 Nc6xe5
20.fxe5 Bd6xe5
21.Qd2f2 Be5g3
22.Qf2e2 Bg3xe1
23.Rf1xe1 Qc7xc4
24.Qe2e4 Qc4xa2
25.Qe4xb7 Rc8b8
{ resign }
0-1

[Event "Match"]
[Site "www.echecsemail.com"]
[Date "2015.09.10"]
[Round "1"]
[White "Mitja"]
[Black "Bojan"]
[WhiteElo "1890"]
[BlackElo "1910"]
[Result "1-0"]
[Round "1"]
1.d4 g6
2.e3 Bf8g7
3.c3 d5
4.h3 Ng8f6
5.Ng1f3 Bc8d7
6.Bf1e2 a6
7.Nb1d2 e6
8.Nd2b3 Bd7a4
9.Be2d3 Nb8d7
10.Bd3c2 Ba4b5
11.Bc2d3 Bb5a4
12.Bd3c2 Qd8e7
13.Nb3d2 Ba4xc2
14.Qd1xc2 c5
15.dxc5 Nd7xc5
16.Nd2b3 b6
17.O-O O-O
18.Nb3xc5 bxc5
19.b3 Rf8c8
20.Bc1b2 Nf6e4
21.Ra1b1 Ne4g5
22.Nf3xg5 Qe7xg5
23.c4 a5
24.Bb2xg7 Kxg7
25.cxd5 Qg5xd5
26.Rf1d1 Qd5g5
27.Rd1d7 a4
28.bxa4 Qg5e5
29.Rb1b7 Rc8f8
30.Qc2c4 Kf6
31.Rb7b5 Ra8c8
32.a5 Rf8d8
33.Rb5b7 Rc8b8
34.Qc4h4 Kf5
35.Rd7xf7 { resign }
1-0

[Event "Match"]
[Site "www.echecsemail.com"]
[Date "2015.09.10"]
[Round "1"]
[White "Drdoom"]
[Black "Gambitmiau"]
[WhiteElo "1770"]
[BlackElo "1890"]
[Result "1-0"]
[Round "1"]
1.e4 Nb8c6
2.d4 d5
3.e5 Bc8f5
4.a3 e6
5.Ng1f3 Bf5e4
6.Bf1e2 Bf8e7
7.O-O f6
8.Nb1c3 Qd8d7
9.Bc1e3 O-O-O
10.b4 g5
11.h3 h5
12.g3 fxe5
13.Be2b5 a6
14.Bb5xc6 Qd7xc6
15.Nc3xe4 dxe4
16.Nf3xe5 Qc6d5
17.Ne5f7 Ng8h6
18.Nf7xh8 Rd8xh8
19.Qd1xh5 Be7f6
20.Qh5d1 Qd5f5
21.Kg2 g4
22.h4 Qf5h5
23.Rf1e1 Bf6xh4
24.Re1h1 Nh6f5
25.Qd1e1 Rh8f8
26.c3 Nf5xe3
27.Qe1xe3 Rf8f3
28.Qe3xe4 Qh5f7
29.Ra1f1 Bh4g5
30.Qe4xg4 Bg5e3
31.Qg4xf3 { resign }
1-0

[Event "Match"]
[Site "www.echecsemail.com"]
[Date "2015.09.10"]
[Round "1"]
[White "Cristiano"]
[Black "Coraza8091"]
[WhiteElo "1990"]
[BlackElo "1659"]
[Result "1-0"]
[Round "1"]
1.e4 e5
2.f4 Nb8c6
3.Ng1f3 exf4
4.d4 Bf8b4
5.c3 Bb4a5
6.Bc1xf4 d6
7.Bf1c4 Bc8g4
8.O-O Ng8f6
9.Nb1d2 Qd8d7
10.Bc4b5 a6
11.Bb5d3 O-O-O
12.Nd2c4 Ba5b6
13.Nc4xb6 cxb6
14.Qd1b3 Nc6a5
15.Qb3c2 h6
16.b4 Na5c6
17.b5 axb5
18.Bd3xb5 d5
19.Qc2a4 Bg4xf3
20.Qa4a8 { resign }
1-0

[Event "Match"]
[Site "www.echecsemail.com"]
[Date "2015.09.10"]
[Round "1"]
[White "Bojan"]
[Black "Ssharp"]
[WhiteElo "1920"]
[BlackElo "2180"]
[Result "0-1"]
[Round "1"]
1.e4 c5
2.Ng1f3 d6
3.Nb1c3 Nb8c6
4.d4 cxd4
5.Nf3xd4 g6
6.Bc1e3 Bf8g7
7.Bf1c4 Ng8f6
8.f3 O-O
9.Nc3e2 Nc6e5
10.Bc4b3 Bc8d7
11.c3 b5
12.Bb3c2 Ne5c4
13.Be3c1 Qd8b6
14.Qd1d3 a5
15.b3 Nc4e5
16.Qd3d1 Rf8c8
17.Bc1d2 Ne5c6
18.Bd2e3 Nc6xd4
19.Be3xd4 Qb6c7
20.Qd1d3 e5
21.Bd4e3 b4
22.c4 Nf6e8
23.h4 f5
24.Qd3d5 Kh8
25.exf5 gxf5
26.Ra1d1 Ra8a6
27.Be3g5 Ne8f6
28.Qd5d3 e4
29.fxe4 Nf6xe4
30.Bg5f4 Rc8e8
31.Kf1 Bd7c8
32.Qd3f3 Bc8b7
33.Qf3h5 Qc7c6
34.Rh1h2 Re8f8
35.g3 Qc6c8
36.Bc2d3 Bg7e5
37.Rh2h3 Qc8c5
38.Rh3h2 Ra6a8
39.Bd3xe4 Bb7xe4
40.Qh5g5 Ra8e8
41.h5 Rf8g8
42.Bf4xe5 Qc5xe5
43.Qg5e3 Be4g2
44.Rh2xg2 Qe5xe3
{ resign }
0-1

[Event "Match"]
[Site "www.echecsemail.com"]
[Date "2015.09.10"]
[Round "1"]
[White "Johnmcbride"]
[Black "Jjmcbride"]
[WhiteElo "1790"]
[BlackElo "1880"]
[Result "1-0"]
[Round "1"]
1.d4 d5
2.e3 e6
3.Bf1d3 c5
4.dxc5 Bf8xc5
5.Ng1f3 h6
6.a3 Nb8c6
7.O-O a6
8.b4 Bc5a7
9.c4 Ng8f6
10.Bc1b2 O-O
11.Nf3e5 d4
12.Ne5xc6 bxc6
13.c5 e5
14.Nb1d2 a5
15.Nd2c4  { time }
1-0

[Event "Match"]
[Site "www.echecsemail.com"]
[Date "2015.09.10"]
[Round "1"]
[White "Scur"]
[Black "Ericleo1980"]
[WhiteElo "2059"]
[BlackElo "2260"]
[Result "0-1"]
[Round "1"]
1.d4 d5
2.c4 c6
3.Ng1f3 Ng8f6
4.cxd5 cxd5
5.Nb1c3 Bc8f5
6.Qd1b3 Bf5c8
7.Bc1g5 e6
8.e3 a6
9.Bf1d3 Nb8d7
10.O-O Bf8d6
11.e4 dxe4
12.Nc3xe4 Bd6e7
13.Ra1c1 Nf6xe4
{ resign }
0-1

[Event "1/64 Finale"]
[Site "www.chess-mail.com"]
[Date "2015.09.10"]
[Round "1"]
[White "Iko"]
[Black "Emmanuel69"]
[WhiteElo "1570"]
[BlackElo "1960"]
[Result "0-1"]
[Round "1"]
1.e4 c6
2.d4 d5
3.Nb1c3 e6
4.e5 g6
5.Qd1g4 Bf8g7
6.Bc1g5 Ng8e7
7.O-O-O O-O
8.Rd1d3 h6
9.Bg5xe7 Qd8xe7
10.Ng1f3 Nb8d7
11.Bf1e2 Nd7b6
12.Rh1d1 Qe7b4
13.a3 Qb4e7
14.b4 Nb6c4
15.g3 Nc4xa3
16.Nc3xd5 exd5
17.Qg4f4 Qe7xb4
18.Rd3b3 Qb4a5
19.Rd1d3 Na3c4
20.h4 Bc8f5
21.Rd3d1 Qa5a1
22.Rb3b1 Qa1a3
23.Rb1b2 Qa3xb2

0-1

[Event "Fast Game"]
[Site "www.echecsemail.com"]
[Date "2015.09.10"]
[Round "1"]
[White "Mitja"]
[Black "Tbsundar"]
[WhiteElo "1760"]
[BlackElo "1829"]
[Result "0-1"]
[Round "1"]
1.d4 d5
2.e3 c6
3.h3 Ng8f6
4.Ng1f3 h6
5.c3 Bc8f5
6.Nb1d2 e6
7.Nd2b3 Nb8d7
8.Bf1d3 Bf8d6
9.Bd3xf5 exf5
10.O-O Qd8c7
11.Rf1e1 O-O
12.Nf3h4 g6
13.Nh4f3 Nf6e4
14.Qd1e2 Ra8e8
15.Nb3d2 Nd7f6
16.Nd2xe4 fxe4
17.Nf3d2 Nf6h7
18.Nd2f1 f5
19.f4 Kf7
20.Nf1h2 h5
21.h4 Nh7f6
22.g3 b5
23.b4 a5
24.a3 Re8a8
25.Bc1b2 Nf6d7
26.Nh2f1 Nd7b6
27.Nf1d2 Nb6a4
28.Nd2b1 Ra8a6
29.Bb2c1 Rf8a8
30.Ra1a2 axb4
31.cxb4 Na4b6
32.Qe2d2 Nb6c4
33.Qd2c3 Ra6a4
34.Re1e2 Bd6xb4
35.axb4 Ra4xa2
36.Re2xa2 Ra8xa2
37.Nb1a3 Qc7a7
38.Na3xc4 bxc4
39.Kf1 Qa7a4
40.Qc3e1 Qa4c2
{ resign }
0-1

[Event "Tourn. n8318"]
[Site "www.chess-mail.com"]
[Date "2015.09.11"]
[Round "1"]
[White "Libiesse"]
[Black "Groz"]
[WhiteElo "2020"]
[BlackElo "1990"]
[Result "1-0"]
[Round "1"]
1.d4 d5
2.c4 Bc8f5
3.Ng1f3 e6
4.Nb1c3 Ng8f6
5.Bc1g5 Bf8e7
6.cxd5 Nf6xd5
7.Bg5xe7 Qd8xe7
8.Qd1b3 Nd5b6
9.e3 a6
10.Bf1e2 O-O
11.O-O Nb8c6
12.Ra1c1 Rf8d8
13.g3 Ra8b8
14.Nf3h4 Bf5g6
15.Nh4xg6 hxg6
16.Nc3e4 Rd8c8
17.Rc1c5 Nb6d7
18.Qb3c3 Nd7xc5
19.Ne4xc5 Qe7d6
20.Rf1c1 Nc6e7
21.Be2f3 c6
22.Nc5e4 Qd6d8
23.Ne4c5 Ne7d5
24.Qc3c4 Nd5e7
25.a3  { time }
1-0